[Event "Pardubice Region-chT 2223"]
[Site "Czech Republic"]
[Date "2023.01.15"]
[Round "6.6"]
[White "Jezek, Jakub"]
[Black "Nespurek, Jan"]
[Result "0-1"]
[WhiteElo "1770"]
[BlackElo "1616"]
[PlyCount "54"]
[EventDate "2022.10.09"]
[EventType "team-tourn"]
[EventRounds "11"]
[EventCountry "CZE"]
[SourceTitle "EXT 2024"]
[Source "ChessBase"]
[SourceDate "2023.10.10"]
[SourceVersion "1"]
[SourceVersionDate "2023.10.10"]
[SourceQuality "1"]

1. e4 e5 2. Nf3 Nf6 3. Nxe5 d6 4. Nf3 Nxe4 5. Nc3 Nxc3 6. dxc3 Bf5 7. Be3 Be7 8. Qd2 Nd7 9. 0-0-0 0-0 10. h4 Bg4 11. Bd3 Ne5 12. Nxe5 Bxd1 13. Qxd1 dxe5 14. Qh5 g6 15. Qxe5 Bf6 16. Qg3 Qd6 17. Bf4 Qe6 18. h5 Qxa2 19. Kd2 Qxb2 20. Be5 Bxe5 21. Qxe5 Rfe8 22. Qf4 Rad8 23. Qc4 Qb6 24. hxg6 Qxf2+ 25. Kd1 hxg6 26. Qg4 Kg7 27. Qg5 Qe2+ 0-1

[Event "Pardubice Region-chT 2223"]
[Site "Czech Republic"]
[Date "2022.10.09"]
[Round "1.6"]
[White "Jezek, Jakub"]
[Black "Pejrimovska, Viola Ruby"]
[Result "1-0"]
[WhiteElo "1770"]
[BlackElo "1668"]
[PlyCount "95"]
[EventDate "2022.10.09"]
[EventType "team-tourn"]
[EventRounds "11"]
[EventCountry "CZE"]
[SourceTitle "EXT 2024"]
[Source "ChessBase"]
[SourceDate "2023.10.10"]
[SourceVersion "1"]
[SourceVersionDate "2023.10.10"]
[SourceQuality "1"]

1. e4 c5 2. Nf3 Nc6 3. d4 cxd4 4. Nxd4 Nf6 5. Nc3 e5 6. Ndb5 d6 7. Bg5 a6 8. Na3 b5 9. Nd5 Be7 10. Bxf6 Bxf6 11. c3 0-0 12. Nc2 Bg5 13. h4 Bh6 14. g4 Bf4 15. Nxf4 exf4 16. f3 Ne5 17. Be2 Bb7 18. Qd2 d5 19. exd5 a5 20. g5 b4 21. cxb4 Re8 22. 0-0 Ng6 23. Bc4 Nxh4 24. Qxf4 Ng6 25. Qd2 Re5 26. f4 Re4 27. b3 Nxf4 28. Rf3 Qxg5+ 29. Kf1 Rae8 30. Re1 Rxe1+ 31. Nxe1 Rxe1+ 32. Kxe1 Ng2+ 33. Kd1 Qg4 34. Be2 Nh4 35. Re3 Qg1+ 36. Kc2 g6 37. d6 Nf5 38. Re8+ Kg7 39. Qc3+ Nd4+ 40. Kd3 Ba6+ 41. Kd2 Qg5+ 42. Re3 Qd5 43. Bxa6 Kh6 44. Rh3+ Kg5 45. Qg3+ Kf6 46. Qh4+ Ke5 47. Re3+ Kf5 48. Bd3+ 1-0

[Event "EU Union-ch U12"]
[Site "Pec pod Snezkou"]
[Date "2022.08.26"]
[Round "5"]
[White "Jezek, Jakub"]
[Black "Badica, Ariana"]
[Result "1/2-1/2"]
[WhiteElo "1770"]
[BlackElo "1509"]
[PlyCount "67"]
[EventDate "2022.08.22"]
[EventType "swiss"]
[EventRounds "9"]
[EventCountry "CZE"]
[SourceTitle "EXT 2023"]
[Source "ChessBase"]
[SourceDate "2022.10.05"]
[SourceVersion "1"]
[SourceVersionDate "2022.10.05"]
[SourceQuality "1"]

1. d4 Nf6 2. c4 e6 3. Nc3 Bb4 4. Qc2 c5 5. Nf3 0-0 6. a3 Bxc3+ 7. Qxc3 cxd4 8. Nxd4 b6 9. Bg5 d6 10. Qf3 d5 11. cxd5 Qxd5 12. Bxf6 Qxf3 13. gxf3 gxf6 14. Rg1+ Kh8 15. Rc1 e5 16. Nb5 Na6 17. Nc7 Nxc7 18. Rxc7 Be6 19. e4 Rac8 20. Rxc8 Rxc8 21. Kd2 Bc4 22. Bxc4 Rxc4 23. h4 h5 24. b3 Rc8 25. Rc1 Rd8+ 26. Ke2 Rd7 27. Rg1 Kh7 28. Ke3 Rc7 29. Kd3 Kh6 30. Kd2 Rd7+ 31. Ke2 Rc7 32. Kd2 Kh7 33. Kd3 Rd7+ 34. Kc3 1/2-1/2

[Event "EU Union-ch U12"]
[Site "Pec pod Snezkou"]
[Date "2022.08.22"]
[Round "1"]
[White "Jezek, Jakub"]
[Black "Richter, Johanna"]
[Result "1-0"]
[WhiteElo "1770"]
[BlackElo "1355"]
[PlyCount "103"]
[EventDate "2022.08.22"]
[EventType "swiss"]
[EventRounds "9"]
[EventCountry "CZE"]
[SourceTitle "EXT 2023"]
[Source "ChessBase"]
[SourceDate "2022.10.05"]
[SourceVersion "1"]
[SourceVersionDate "2022.10.05"]
[SourceQuality "1"]

1. d4 Nf6 2. c4 g6 3. Nc3 Bg7 4. e4 d6 5. f4 0-0 6. Nf3 c5 7. d5 a6 8. a4 Qc7 9. h3 b6 10. g4 Re8 11. Bd3 e6 12. a5 bxa5 13. Qa4 exd5 14. cxd5 Bb7 15. g5 Nfd7 16. Kf2 Rf8 17. Qxa5 Qxa5 18. Rxa5 Re8 19. Ra3 Nb6 20. Bd2 N8d7 21. Rha1 Nb8 22. R3a2 Re7 23. Na4 Nxa4 24. Rxa4 Bxb2 25. Rb1 Bg7 26. Rb6 Rd7 27. Nh4 Bd4+ 28. Be3 Bg7 29. Kf3 Bf8 30. f5 Rc7 31. Bf4 Nd7 32. Rb2 a5 33. Rba2 Nb6 34. Rxa5 Rxa5 35. Rxa5 c4 36. Bc2 Nd7 37. Be3 Ne5+ 38. Ke2 Rc8 39. Ra7 Rb8 40. Kd2 Ba8 41. Bd4 Rc8 42. Bxe5 dxe5 43. f6 Bb4+ 44. Ke2 Bb7 45. Rxb7 Bc5 46. Nf3 Bd4 47. Nxd4 exd4 48. Kd2 Kf8 49. e5 Re8 50. d6 Rd8 51. d7 h6 52. Rc7 1-0

[Event "CZE-chT U12"]
[Site "Jihlava"]
[Date "2022.06.12"]
[Round "9.1"]
[White "Jezek, Jakub"]
[Black "Srba, Daniel"]
[Result "1/2-1/2"]
[WhiteElo "1429"]
[BlackElo "1237"]
[PlyCount "270"]
[EventDate "2022.06.10"]
[EventType "team-swiss"]
[EventRounds "9"]
[EventCountry "CZE"]
[SourceTitle "CBM 209 Extra"]
[Source "ChessBase"]
[SourceDate "2022.09.30"]
[SourceVersion "1"]
[SourceVersionDate "2022.09.30"]
[SourceQuality "1"]
[WhiteTeam "Plzen Sokol U12"]
[BlackTeam "Svetla nad Sazavou U12"]
[WhiteTeamCountry "CZE"]
[BlackTeamCountry "CZE"]

1. d4 d5 2. c4 e6 3. Nc3 Nf6 4. Bg5 Be7 5. e3 0-0 6. Nf3 c6 7. Bd3 Nbd7 8. 0-0 Nb6 9. cxd5 cxd5 10. Rc1 Bd7 11. Ne5 Bc6 12. Nxc6 bxc6 13. Na4 Qd7 14. a3 Qb7 15. Nxb6 axb6 16. Qc2 Rfc8 17. Bxf6 Bxf6 18. Bxh7+ Kf8 19. Bd3 c5 20. dxc5 Rxc5 21. Qe2 Ke7 22. Bb5 Ra5 23. a4 Qc7 24. Qd2 Be5 25. h3 Ra8 26. Rfd1 Rc8 27. Rxc5 Qxc5 28. b3 Qa3 29. Rb1 Bd6 30. g3 Be5 31. h4 Rc3 32. f4 Bf6 33. Kh2 Rxb3 34. Rxb3 Qxb3 35. Qe2 Qb4 36. Qd3 g6 37. Kh3 Bg7 38. Kg2 Qc5 39. Qe2 f5 40. Qd3 Qc1 41. Qe2 Bb2 42. Kh2 Qc3 43. Kg2 Bc1 44. Kf3 Qa3 45. Bc6 Qc5 46. Bb5 Qc3 47. Ba6 d4 48. Bb5 Qxe3+ 49. Qxe3 Bxe3 50. Bd3 Kd6 51. Bb5 Ke7 52. Bd3 Bc1 53. Bb5 Ba3 54. Bd3 Kd6 55. Bb5 Ke7 56. Ke2 Kf6 57. Kf3 Bf8 58. Bd3 Ke7 59. g4 Kf7 60. g5 Bb4 61. Kg3 Bd6 62. Kf3 e5 63. fxe5 Bxe5 64. Bb5 Bd6 65. Kf2 Bb4 66. Kg3 Be1+ 67. Kh3 Ke6 68. Be8 d3 69. Bb5 d2 70. Be2 Ke5 71. h5 gxh5 72. Bxh5 f4 73. Bg4 Bg3 74. Kg2 Kd6 75. Kf1 Ke7 76. Ke2 Be1 77. Kd1 Kf7 78. Bf5 f3 79. Bd3 f2 80. g6+ Kg7 81. Kc2 Kg8 82. Kd1 Kh8 83. Kc2 Kg7 84. Kd1 Kf6 85. Kc2 Ke6 86. Kd1 Ke7 87. Kc2 Kf8 88. Kd1 Kg7 89. Kc2 f1Q 90. Bxf1 Kxg6 91. Be2 Kf5 92. Bd1 Ke4 93. Kb2 Kd4 94. Kb3 Kc5 95. Be2 Kc6 96. Bd1 Kb7 97. Be2 Ka7 98. Bd1 Ka6 99. Be2+ Ka5 100. Bd1 Ka6 101. Be2+ Kb7 102. Bd1 Kc7 103. Kc4 Kc6 104. Kb3 Kd5 105. Kc3 Kc5 106. Kb3 Bh4 107. Kc3 Bg5 108. Bc2 Kd5 109. Bd1 Ke4 110. Kc2 Be3 111. Bh5 Kf5 112. Be2 Kg5 113. Bf3 Kh4 114. Be2 Kg3 115. Bh5 Bg5 116. Bd1 Kf2 117. Bh5 Ke3 118. Bd1 Kd4 119. Kb3 Bh4 120. Kc2 Be1 121. Kb3 Kc5 122. Kc3 Kd5 123. Kd3 Kc6 124. Kc4 Bh4 125. Kd3 Bg5 126. Kc4 Kd6 127. Kb4 Ke5 128. a5 bxa5+ 129. Kxa5 Kd4 130. Kb4 Be7+ 131. Kb3 Bh4 132. Bh5 Ke3 133. Kc2 Be1 134. Bg4 Kd4 135. Bh5 Kc4 1/2-1/2

[Event "CZE-chT U12"]
[Site "Jihlava"]
[Date "2022.06.11"]
[Round "6.1"]
[White "Jezek, Jakub"]
[Black "Topencik, Bruno"]
[Result "0-1"]
[WhiteElo "1429"]
[BlackElo "1177"]
[PlyCount "96"]
[EventDate "2022.06.10"]
[EventType "team-swiss"]
[EventRounds "9"]
[EventCountry "CZE"]
[SourceTitle "CBM 209 Extra"]
[Source "ChessBase"]
[SourceDate "2022.09.30"]
[SourceVersion "1"]
[SourceVersionDate "2022.09.30"]
[SourceQuality "1"]
[WhiteTeam "Plzen Sokol U12"]
[BlackTeam "Celakovice Spartak U12"]
[WhiteTeamCountry "CZE"]
[BlackTeamCountry "CZE"]

1. d4 d5 2. c4 e6 3. Nc3 Nf6 4. Bg5 Be7 5. e3 Nbd7 6. Nf3 c6 7. Bd3 dxc4 8. Bxc4 b5 9. Bd3 Bb7 10. 0-0 0-0 11. a3 a6 12. Qc2 h6 13. Bf4 c5 14. Rfd1 Bxf3 15. gxf3 cxd4 16. exd4 Nb6 17. Rac1 Bd6 18. Bxd6 Qxd6 19. Ne4 Nxe4 20. Bxe4 Rac8 21. Qd2 Nd5 22. Bxd5 Qxd5 23. Qe3 Qd7 24. Qe5 Rfd8 25. Rc3 Rxc3 26. bxc3 Qd6 27. Qxd6 Rxd6 28. Kf1 Rc6 29. Rc1 Kf8 30. Ke2 Ke7 31. Kd3 Rc4 32. Rb1 Kd6 33. Rb4 Rxb4 34. cxb4 Kd5 35. h3 g5 36. f4 gxf4 37. f3 f6 38. h4 h5 39. Kc3 e5 40. dxe5 fxe5 41. Kd3 e4+ 42. fxe4+ Ke5 43. Kd2 Kxe4 44. Ke2 f3+ 45. Kf2 Kf4 46. Kf1 Kg3 47. Kg1 Kxh4 48. Kf2 Kg4 0-1

[Event "CZE-ch U12"]
[Site "Herlikovice"]
[Date "2021.10.28"]
[Round "7"]
[White "Jezek, Jakub"]
[Black "Hrdlicka, Jan3333"]
[Result "1-0"]
[WhiteElo "1787"]
[BlackElo "1328"]
[PlyCount "49"]
[EventDate "2021.10.23"]
[EventType "swiss"]
[EventRounds "9"]
[EventCountry "CZE"]
[SourceTitle "EXT 2023"]
[Source "ChessBase"]
[SourceDate "2022.10.05"]
[SourceVersion "1"]
[SourceVersionDate "2022.10.05"]
[SourceQuality "1"]

1. d4 d5 2. c4 e6 3. Nc3 Bb4 4. Nf3 Bxc3+ 5. bxc3 Nf6 6. Bg5 Nc6 7. e3 0-0 8. Be2 h6 9. Bh4 Bd7 10. 0-0 Re8 11. Rb1 Rb8 12. Ne5 g5 13. Nxd7 Qxd7 14. Bg3 Ne7 15. Be5 Ne4 16. Qc2 Ng6 17. Bg3 Nf6 18. Bd3 Kg7 19. Bxg6 fxg6 20. Be5 Rf8 21. c5 b6 22. f4 gxf4 23. Rxf4 Qe7 24. Rbf1 Kh7 25. Rxf6 1-0

[Event "CZE-ch U12"]
[Site "Herlikovice"]
[Date "2021.10.27"]
[Round "5"]
[White "Jezek, Jakub"]
[Black "Maly, Jiri2222"]
[Result "1/2-1/2"]
[WhiteElo "1787"]
[BlackElo "1417"]
[PlyCount "53"]
[EventDate "2021.10.23"]
[EventType "swiss"]
[EventRounds "9"]
[EventCountry "CZE"]
[SourceTitle "EXT 2023"]
[Source "ChessBase"]
[SourceDate "2022.10.05"]
[SourceVersion "1"]
[SourceVersionDate "2022.10.05"]
[SourceQuality "1"]

1. d4 d5 2. c4 e6 3. Nc3 dxc4 4. e4 b5 5. a4 b4 6. Nb1 Bb7 7. Bxc4 f6 8. Nf3 c5 9. Bb5+ Nd7 10. Ne5 Bc8 11. Bf4 Bd6 12. dxc5 Bc7 13. h4 Ne7 14. Nxd7 Bxd7 15. Bxc7 Qxc7 16. Bxd7+ Qxd7 17. Qxd7+ Kxd7 18. Nd2 Kc6 19. Rc1 Ng6 20. g3 Rhd8 21. Ke2 Ne5 22. Rhd1 Nd3 23. Rc2 Rd4 24. Ke3 Rad8 25. Nb3 R4d7 26. Na5+ Kc7 27. c6 1/2-1/2